[Event "Rated Blitz game"]
[Site "?"]
[Date "2021.10.24"]
[Round "?"]
[White "jncool68"]
[Black "Annali-annaliew1979"]
[Result "1-0"]
[WhiteElo "2630"]
[BlackElo "2452"]
[PlyCount "71"]
[EventDate "2021.??.??"]
[EventType "blitz"]

1. e4 e5 2. Nf3 d5 3. exd5 e4 4. Qe2 f5 5. d3 Nf6 6. dxe4 fxe4 7. Nfd2 Be7 8.
Nxe4 Nxe4 9. Qxe4 O-O 10. Be3 Bd6 11. Nc3 Bf5 12. Qc4 Nd7 13. O-O-O Ne5 14. Qd4
a6 15. h3 b5 16. g4 Bg6 17. Bg2 Nf3 18. Bxf3 Rxf3 19. Ne4 Qe7 20. Nxd6 cxd6 21.
Rd2 Rc8 22. Kb1 Rc4 23. Qb6 Qe4 24. Rc1 Rxh3 25. Qxd6 Rxc2 26. Rdxc2 Rh1 27.
Qe6+ Qxe6 28. dxe6 Rxc1+ 29. Bxc1 Kf8 30. f4 Be4 31. f5 h5 32. gxh5 Bxf5 33. b4
Ke7 34. Kb2 Bxc2 35. Kxc2 Kxe6 36. Bb2 {Normal} 1-0

[Event "Rated Blitz game"]
[Site "?"]
[Date "2021.10.24"]
[Round "?"]
[White "POTENTIAL21"]
[Black "EEberhart"]
[Result "1-0"]
[WhiteElo "2455"]
[BlackElo "2313"]
[PlyCount "33"]
[EventDate "2021.??.??"]
[EventType "blitz"]

1. e4 e5 2. Nf3 d5 3. Nxe5 Bd6 4. d4 dxe4 5. Bf4 Nf6 6. Bc4 Nbd7 7. Nxf7 Bxf4
8. Nxd8 Kxd8 9. O-O b6 10. Nc3 Bb7 11. d5 e3 12. fxe3 Bxe3+ 13. Kh1 c6 14. dxc6
Bxc6 15. Bb5 Bb7 16. Qd3 Bc5 17. Rxf6 {Normal} 1-0

[Event "Rated Blitz game"]
[Site "?"]
[Date "2021.10.24"]
[Round "?"]
[White "S_Guliev"]
[Black "Dzon_Vejn"]
[Result "0-1"]
[WhiteElo "2515"]
[BlackElo "2511"]
[PlyCount "96"]
[EventDate "2021.??.??"]
[EventType "blitz"]

1. e4 e5 2. Nf3 d5 3. exd5 e4 4. Nd4 Qxd5 5. Nb3 Nf6 6. Nc3 Qe5 7. Be2 Nc6 8.
O-O Bd6 9. g3 h5 10. d4 exd3 11. Bxd3 O-O 12. Re1 Bg4 13. f3 Bxf3 14. Qd2 Bc5+
15. Nxc5 Qxc5+ 16. Qf2 Qxf2+ 17. Kxf2 Bg4 18. Bg5 Nd7 19. Nd5 Rac8 20. Bf4 Nc5
21. Bb5 Nd4 22. Ne7+ Kh8 23. Nxc8 Rxc8 24. b4 Nxb5 25. bxc5 Nd4 26. Rac1 Ne6
27. Be3 Rd8 28. Rb1 b6 29. cxb6 axb6 30. Rb3 Rd5 31. Rd3 Rf5+ 32. Kg1 Bf3 33.
Bf4 Bc6 34. Rf1 Kh7 35. Rf2 Ra5 36. c4 Ra4 37. Rc3 Ra5 38. Bd2 Rc5 39. Kf1 Re5
40. h4 Rc5 41. Be3 Ra5 42. Ke1 Ra4 43. Kd1 Be4 44. Kc1 Bg6 45. Kb2 Nc5 46. Bxc5
bxc5 47. Rd2 Ra6 48. Rd5 Rb6+ {Time forfeit} 0-1

[Event "Rated Blitz tournament MzO0SPtm"]
[Site "?"]
[Date "2021.10.24"]
[Round "?"]
[White "KOLDO666"]
[Black "Zamaliev97"]
[Result "1-0"]
[WhiteElo "2304"]
[BlackElo "2581"]
[PlyCount "23"]
[EventDate "2021.??.??"]
[EventType "blitz"]

1. e4 e5 2. Nf3 d5 3. exd5 e4 4. Qe2 Nf6 5. Nc3 Bf5 6. d3 Bb4 7. dxe4 Nxe4 8.
Bd2 Bxc3 9. Bxc3 O-O 10. O-O-O Re8 11. Qe3 Ng3 12. Qd4 {Normal} 1-0

[Event "Rated Rapid game"]
[Site "?"]
[Date "2021.10.24"]
[Round "?"]
[White "konst2013"]
[Black "artsportscience"]
[Result "1/2-1/2"]
[WhiteElo "2328"]
[BlackElo "2424"]
[PlyCount "109"]
[EventDate "2021.??.??"]
[EventType "rapid"]

1. e4 e5 2. Nf3 d5 3. exd5 e4 4. Ne5 Qxd5 5. d4 exd3 6. Nxd3 Nf6 7. Nc3 Qe6+ 8.
Be2 Bd6 9. O-O a6 10. Bf3 O-O 11. Re1 Qf5 12. Ne4 Nxe4 13. Bxe4 Qf6 14. Qf3
Qxf3 15. Bxf3 Nc6 16. Bf4 Bxf4 17. Nxf4 Bf5 18. Bxc6 bxc6 19. c3 Rab8 20. b3
Rbd8 21. Rad1 Bc2 22. Rxd8 Rxd8 23. f3 h6 24. h4 Rd2 25. Re2 Rd1+ 26. Kf2 Bb1
27. Re8+ Kh7 28. Re7 Bxa2 29. Rxf7 Bxb3 30. Rxc7 Kg8 31. Rxc6 a5 32. Ra6 a4 33.
Ne2 Ra1 34. Nd4 Rc1 35. Nxb3 axb3 36. Rb6 Rxc3 37. Ke2 Rc2+ 38. Kd3 Rxg2 39.
Rxb3 Rg3 40. Ke2 Rh3 41. Rb4 Kf7 42. Kf2 Rh2+ 43. Kg3 Rh1 44. Rb6 Rg1+ 45. Kh3
g6 46. Rc6 Rb1 47. Ra6 Rb5 48. Kg3 h5 49. Rc6 Kg7 50. Ra6 Rb1 51. Rc6 Rg1+ 52.
Kh3 g5 53. hxg5 Rxg5 54. Rb6 Rc5 55. Rd6 {Normal} 1/2-1/2

[Event "Rated Blitz game"]
[Site "?"]
[Date "2021.10.24"]
[Round "?"]
[White "Sunrisebyself"]
[Black "ahoramahora"]
[Result "1-0"]
[WhiteElo "2409"]
[BlackElo "2389"]
[PlyCount "147"]
[EventDate "2021.??.??"]
[EventType "blitz"]

1. e4 e5 2. Nf3 d5 3. Nxe5 Bd6 4. d4 dxe4 5. Nc4 Nf6 6. Bg5 Be7 7. Nc3 h6 8.
Bxf6 Bxf6 9. Nxe4 Bxd4 10. c3 Bf6 11. Nxf6+ Qxf6 12. Qe2+ Be6 13. Qe5 Qxe5+ 14.
Nxe5 Nd7 15. Nxd7 Bxd7 16. Bc4 O-O 17. O-O Bc6 18. Rfe1 Rfe8 19. Rxe8+ Rxe8 20.
Rd1 Kf8 21. f3 b6 22. Kf2 f6 23. Rd2 Ke7 24. g3 Rd8 25. Rxd8 Kxd8 26. Ke3 Ke7
27. f4 Kd6 28. Kd4 Bd7 29. Bd3 c5+ 30. Ke3 Be6 31. a3 a5 32. b4 cxb4 33. cxb4
axb4 34. axb4 Bd5 35. Kd4 Bc6 36. Bc4 Bd7 37. Bg8 Bc6 38. h4 Bd7 39. Bd5 Be8
40. g4 g5 41. fxg5 fxg5 42. h5 Bd7 43. Bf3 Be6 44. Be2 Bd7 45. Ke4 Kc6 46. Ke5
Bc8 47. Kf6 Kd6 48. Kg6 Ke5 49. Kxh6 Kf6 50. Kh7 Be6 51. Kh8 Kf7 52. h6 Kf8 53.
Bd3 Bxg4 54. Bc4 Bf5 55. Be2 g4 56. Bd1 g3 57. Bf3 Bh3 58. Kh7 Bf5+ 59. Kh8 Bd3
60. Bg2 Kf7 61. Bd5+ Kf8 62. Bg2 Bf5 63. h7 Bg4 64. b5 Bd7 65. Bc6 Bh3 66. Bg2
Bg4 67. Bf3 Bf5 68. Be4 Bg4 69. Bf3 Be6 70. Bd5 Bf5 71. Be4 g2 72. Bxg2 Bd3 73.
Bc6 Be4 74. Bxe4 {Normal} 1-0

[Event "Rated Blitz tournament N4srlers"]
[Site "?"]
[Date "2021.10.24"]
[Round "?"]
[White "malybalaganiarz"]
[Black "DOOGE228"]
[Result "1/2-1/2"]
[WhiteElo "2454"]
[BlackElo "2400"]
[PlyCount "113"]
[EventDate "2021.??.??"]
[EventType "blitz"]

1. e4 e5 2. Nf3 d5 3. exd5 e4 4. Qe2 Nf6 5. d3 Qxd5 6. Nc3 Bb4 7. dxe4 Qxe4 8.
Bd2 Qxe2+ 9. Bxe2 O-O 10. O-O Nc6 11. Bb5 Re8 12. Bxc6 bxc6 13. a3 Ba5 14. Rfe1
Bf5 15. Nd4 Bd7 16. Nb3 Bb6 17. Bf4 Bf5 18. Rxe8+ Rxe8 19. h3 Bxc2 20. Nd2 Nd5
21. Bg3 Nxc3 22. bxc3 Rd8 23. Nc4 Rd3 24. Re1 h6 25. Be5 f6 26. Nxb6 cxb6 27.
Bb8 a6 28. Re3 Rxe3 29. fxe3 Kf7 30. Bc7 b5 31. Bd6 Ke6 32. Bf8 Kf7 33. Bb4 h5
34. Kf2 Ke6 35. Kf3 g5 36. g3 Kd5 37. Be7 Be4+ 38. Kf2 Ke6 39. Bd8 g4 40. hxg4
hxg4 41. Ke2 f5 42. Kd2 Kd5 43. Kc1 Kc4 44. Kb2 Kd3 45. Bb6 Ke2 46. c4 Kf2 47.
cxb5 axb5 48. Bc7 Kxe3 49. Kc3 Bd5 50. Bf4+ Ke4 51. Bd6 Ke3 52. Kb4 Kd3 53. Be5
Ke4 54. Bf4 Kd3 55. Be5 Ke4 56. Bf4 Kd3 57. Be5 {Normal} 1/2-1/2

[Event "Rated Blitz tournament T3VoVGyy"]
[Site "?"]
[Date "2021.10.24"]
[Round "?"]
[White "Mobelha"]
[Black "Razario90"]
[Result "0-1"]
[WhiteElo "2505"]
[BlackElo "2342"]
[PlyCount "61"]
[EventDate "2021.??.??"]
[EventType "blitz"]

1. e4 e5 2. Nf3 d5 3. exd5 e4 4. Qe2 Nf6 5. Nc3 Be7 6. Nxe4 O-O 7. Nxf6+ Bxf6
8. d4 Qxd5 9. Be3 Bf5 10. Qd2 Be4 11. Be2 Rd8 12. c3 c5 13. O-O Nc6 14. c4 Qf5
15. d5 Bxf3 16. Bxf3 Nd4 17. Be2 Re8 18. Bd3 Qg4 19. Bxd4 Bxd4 20. Rae1 h5 21.
a3 b6 22. b4 Kf8 23. h3 Qh4 24. bxc5 Bxc5 25. Be4 Rxe4 26. Rxe4 Qxe4 27. Re1
Qd4 28. Qxd4 Bxd4 29. Kf1 Rc8 30. Rd1 Rxc4 31. a4 {Normal} 0-1

[Event "Rated Blitz game"]
[Site "?"]
[Date "2021.10.24"]
[Round "?"]
[White "BATRAZ_GABOEV"]
[Black "khalid_ontawar"]
[Result "0-1"]
[WhiteElo "2376"]
[BlackElo "2437"]
[PlyCount "30"]
[EventDate "2021.??.??"]
[EventType "blitz"]

1. e4 e5 2. Nf3 d5 3. d4 dxe4 4. Nxe5 Be6 5. Bc4 Bxc4 6. Nxc4 Nf6 7. Bg5 Be7 8.
Ne3 Nc6 9. c3 O-O 10. Nd2 Nd5 11. Bxe7 Ncxe7 12. Nxe4 Nxe3 13. fxe3 Nf5 14. Qe2
Re8 15. Qf3 Qh4+ {Normal} 0-1

[Event "Rated Blitz game"]
[Site "?"]
[Date "2021.10.24"]
[Round "?"]
[White "hadi5564"]
[Black "larsental3"]
[Result "1/2-1/2"]
[WhiteElo "2359"]
[BlackElo "2402"]
[PlyCount "46"]
[EventDate "2021.??.??"]
[EventType "blitz"]

1. e4 e5 2. Nf3 d5 3. Nxe5 Bd6 4. Nxf7 Kxf7 5. Qh5+ g6 6. Qxd5+ Be6 7. Qxb7 Nd7
8. Nc3 Ngf6 9. d4 Re8 10. d5 Bxd5 11. Nxd5 Nxe4 12. Be3 Ndc5 13. Qc6 Nxf2 14.
Kxf2 Qh4+ 15. g3 Bxg3+ 16. hxg3 Qxh1 17. Bg2 Qxa1 18. Qf6+ Kg8 19. Bxc5 Qe1+
20. Kf3 Qe4+ 21. Kf2 Qe1+ 22. Kf3 Qe4+ 23. Kf2 Qe1+ {Normal} 1/2-1/2

[Event "Rated Blitz tournament AEjuapUG"]
[Site "?"]
[Date "2021.10.24"]
[Round "?"]
[White "Viktor_Tahirov555"]
[Black "SRV_90"]
[Result "1-0"]
[WhiteElo "2454"]
[BlackElo "2394"]
[PlyCount "131"]
[EventDate "2021.??.??"]
[EventType "blitz"]

1. e4 e5 2. Nf3 d5 3. d4 dxe4 4. Nxe5 Bd6 5. Bc4 Bxe5 6. dxe5 Qxd1+ 7. Kxd1 Nc6
8. Bf4 Nge7 9. Re1 Ng6 10. Bg3 Bf5 11. Nc3 O-O-O+ 12. Ke2 Ngxe5 13. Bb3 Rhe8
14. Kf1 f6 15. a3 Nd4 16. Nxe4 Nxb3 17. cxb3 Rd4 18. Nc3 Rdd8 19. Bxe5 fxe5 20.
f3 Bc2 21. b4 Rd2 22. Rac1 Bb3 23. Ne4 Kb8 24. Rc3 Rxb2 25. Nc5 Bg8 26. Rxe5
Rxe5 27. Nd7+ Kc8 28. Nxe5 c6 29. Nd3 Rd2 30. Nc5 Kc7 31. Ne4 Ra2 32. h4 Bd5
33. Nc5 h6 34. Kg1 Kb6 35. Kh2 a5 36. Kg3 axb4 37. axb4 Kb5 38. Nd3 Bc4 39. Ne5
Bd5 40. Nd3 Bc4 41. Ne5 Bd5 42. Rc1 Kxb4 43. Rb1+ Bb3 44. h5 c5 45. Nd7 c4 46.
Ne5 c3 47. Kf4 c2 48. Re1 Kc3 49. g4 Kb2 50. g5 Ra1 51. Nd3+ Kc3 52. Rxa1 Kxd3
53. gxh6 gxh6 54. Kf5 Kd2 55. Kg6 c1=Q 56. Rxc1 Kxc1 57. Kxh6 Bc2 58. f4 b5 59.
Kg5 b4 60. f5 b3 61. f6 b2 62. f7 b1=Q 63. f8=Q Qb5+ 64. Kh4 Qc4+ 65. Kg3 Qd5
66. Qf1+ {Time forfeit} 1-0

[Event "Rated Blitz game"]
[Site "?"]
[Date "2021.10.24"]
[Round "?"]
[White "flo50"]
[Black "khalid_ontawar"]
[Result "0-1"]
[WhiteElo "2528"]
[BlackElo "2426"]
[PlyCount "82"]
[EventDate "2021.??.??"]
[EventType "blitz"]

1. e4 e5 2. Nf3 d5 3. exd5 e4 4. Qe2 f5 5. d3 Nf6 6. Nbd2 Qxd5 7. dxe4 fxe4 8.
c4 Qf5 9. Nd4 Qe5 10. N4f3 Qe7 11. Ng5 Bf5 12. f3 exf3 13. Qxe7+ Bxe7 14. Ngxf3
O-O 15. Be2 Bc5 16. a3 a5 17. Nb3 Ba7 18. Nxa5 Ng4 19. Nb3 Bf2+ 20. Kf1 Ba7 21.
c5 Nd7 22. h3 Nge5 23. Nxe5 Nxe5 24. Kg1 Nd7 25. Bc4+ Kh8 26. Be3 Rae8 27. Bf2
Bc2 28. Rc1 Bxb3 29. Bxb3 Re2 30. Bd4 Rd2 31. Be3 Rd3 32. Rc3 Rxe3 33. Rxe3
Bxc5 34. Kh2 Bxe3 35. Rd1 Bf4+ 36. g3 Bd6 37. Bd5 b6 38. Bc6 Ne5 39. Bg2 g5 40.
Re1 Rf2 41. b4 Nf3+ {Normal} 0-1

[Event "Rated Blitz game"]
[Site "?"]
[Date "2021.10.24"]
[Round "?"]
[White "IndioBrasileiro"]
[Black "Lobo19"]
[Result "1-0"]
[WhiteElo "2485"]
[BlackElo "2428"]
[PlyCount "89"]
[EventDate "2021.??.??"]
[EventType "blitz"]

1. e4 e5 2. Nf3 d5 3. Nxe5 dxe4 4. d4 Bd6 5. Bc4 Bxe5 6. dxe5 Qxd1+ 7. Kxd1 Nc6
8. e6 Bxe6 9. Bxe6 fxe6 10. c3 Nf6 11. Bg5 Ng4 12. Ke2 O-O 13. Bh4 g5 14. Bg3
Rf7 15. Nd2 Nf6 16. h4 g4 17. h5 h6 18. Rh4 Ne7 19. Nxe4 Nxe4 20. Rxg4+ Ng5 21.
f4 Rf5 22. fxg5 hxg5 23. Rf1 Rxf1 24. Rxg5+ Kf7 25. Kxf1 Nf5 26. Be5 Rd8 27. g4
Ne3+ 28. Ke2 Nc4 29. Rg7+ Kf8 30. Bf6 Rd2+ 31. Ke1 Rg2 32. g5 Nd2 33. h6 Nf3+
34. Kf1 Rh2 35. Rxc7 Nd2+ 36. Ke1 Nf3+ 37. Kd1 Kg8 38. Rg7+ Kf8 39. Rxb7 Kg8
40. Rg7+ Kf8 41. Rxa7 Rh1+ 42. Kc2 Rh2+ 43. Kb3 e5 44. h7 Nd2+ 45. Kb4 {Normal}
1-0

[Event "Rated Rapid game"]
[Site "?"]
[Date "2021.10.24"]
[Round "?"]
[White "reza_m_m_m"]
[Black "Believe4_Hope"]
[Result "1-0"]
[WhiteElo "2410"]
[BlackElo "2280"]
[PlyCount "45"]
[EventDate "2021.??.??"]
[EventType "rapid"]

1. e4 e5 2. Nf3 d5 3. Nxe5 Bd6 4. d4 dxe4 5. Bc4 Bxe5 6. dxe5 Qxd1+ 7. Kxd1 Nc6
8. Bf4 Bg4+ 9. Kc1 Nge7 10. h3 Be6 11. Bxe6 fxe6 12. Re1 Ng6 13. Bg3 O-O 14.
Rxe4 Rf5 15. Nc3 Ncxe5 16. a4 c6 17. b4 Raf8 18. Kb2 Nd7 19. Rd1 Nb6 20. Rxe6
Nf4 21. Re7 R5f7 22. Rxf7 Rxf7 23. Rd8+ {Normal} 1-0

[Event "Rated Blitz game"]
[Site "?"]
[Date "2021.10.24"]
[Round "?"]
[White "Indian_cat"]
[Black "barry-allen"]
[Result "1-0"]
[WhiteElo "2411"]
[BlackElo "2336"]
[PlyCount "69"]
[EventDate "2021.??.??"]
[EventType "blitz"]

1. e4 e5 2. Nf3 d5 3. Nxe5 Bd6 4. d4 dxe4 5. Nc4 Nf6 6. Nc3 O-O 7. Bg5 Bf5 8.
Be2 c6 9. Nxd6 Qxd6 10. O-O h6 11. Be3 Nbd7 12. Na4 b6 13. c4 Rae8 14. h3 Bg6
15. a3 Nh7 16. Qd2 f5 17. Bf4 Qe7 18. d5 c5 19. Nc3 Ne5 20. d6 Qe6 21. Nd5 Rd8
22. Nc7 Qf6 23. Qd5+ Nf7 24. Ne6 Qxb2 25. Nxd8 Qxe2 26. Ne6 Qd3 27. Qxd3 exd3
28. Nxf8 Nxf8 29. Rad1 Nd7 30. Rfe1 Kf8 31. Re7 Nf6 32. Rxa7 Ne4 33. Rxd3 Ke8
34. d7+ Kd8 35. Bc7+ {Normal} 1-0

[Event "Rated Blitz game"]
[Site "?"]
[Date "2021.10.24"]
[Round "?"]
[White "Whinim"]
[Black "sillierchess"]
[Result "0-1"]
[WhiteElo "2395"]
[BlackElo "2453"]
[PlyCount "152"]
[EventDate "2021.??.??"]
[EventType "blitz"]

1. e4 e5 2. Nf3 d5 3. exd5 Bd6 4. d3 f5 5. c4 Nf6 6. Nc3 O-O 7. Bg5 Qe8 8. Bxf6
Rxf6 9. Be2 Qg6 10. O-O a6 11. d4 e4 12. Ne5 Qh6 13. c5 Bxe5 14. dxe5 Rg6 15.
f4 exf3 16. Rxf3 Nd7 17. Qd4 Rg4 18. Qf2 Nxe5 19. Re3 Rf4 20. Qg3 Ng6 21. Re8+
Kf7 22. Qe3 Rh4 23. h3 Qxe3+ 24. Rxe3 f4 25. Re4 Bf5 26. Rd4 f3 27. Rxh4 Nxh4
28. gxf3 Bxh3 29. Kf2 Bf5 30. d6 cxd6 31. cxd6 Ke6 32. Rd1 Rd8 33. Bc4+ Kd7 34.
Nd5 Kxd6 35. Ne3+ Kc7 36. Rh1 g5 37. Rxh4 gxh4 38. Nxf5 Rd2+ 39. Ke3 Rh2 40.
Kf4 h3 41. Kg3 Rxb2 42. Kxh3 b5 43. Bg8 h5 44. Kh4 Rf2 45. Kg3 Rb2 46. Ng7 Rb1
47. Kf2 h4 48. Be6 Kd6 49. Bg4 Rb2+ 50. Kg1 Rxa2 51. Nf5+ Kc5 52. Nxh4 Ra1+ 53.
Kf2 a5 54. Nf5 a4 55. Ne3 a3 56. Be6 b4 57. Nc2 Rc1 58. Bb3 a2 59. Bxa2 Rxc2+
60. Ke3 Rxa2 61. f4 Ra1 62. f5 Rf1 63. Ke4 Rxf5 64. Kxf5 b3 65. Ke4 b2 66. Kd3
b1=Q+ 67. Ke2 Qb4 68. Kf3 Qd4 69. Ke2 Qc3 70. Kf2 Qd3 71. Kg2 Qe3 72. Kh2 Qg5
73. Kh3 Kd4 74. Kh2 Ke3 75. Kh3 Kf3 76. Kh2 Qg2# {Normal} 0-1

[Event "Rated Blitz tournament N4srlers"]
[Site "?"]
[Date "2021.10.24"]
[Round "?"]
[White "stambul65"]
[Black "DOOGE228"]
[Result "0-1"]
[WhiteElo "2469"]
[BlackElo "2431"]
[PlyCount "36"]
[EventDate "2021.??.??"]
[EventType "blitz"]

1. e4 e5 2. Nf3 d5 3. d4 dxe4 4. Nxe5 Bd6 5. Nc4 Nf6 6. Nc3 O-O 7. Bg5 Be7 8.
Be2 Nc6 9. d5 Nxd5 10. Qxd5 Bxg5 11. Qxd8 Bxd8 12. Nxe4 Re8 13. f3 f5 14. Nc3
Nd4 15. O-O-O Bg5+ 16. Kb1 Nxe2 17. Nxe2 Rxe2 18. f4 Bf6 {Normal} 0-1

[Event "Rated Blitz tournament N4srlers"]
[Site "?"]
[Date "2021.10.24"]
[Round "?"]
[White "ninfabb"]
[Black "DOOGE228"]
[Result "0-1"]
[WhiteElo "2445"]
[BlackElo "2438"]
[PlyCount "92"]
[EventDate "2021.??.??"]
[EventType "blitz"]

1. e4 e5 2. Nf3 d5 3. d4 dxe4 4. Nxe5 Bd6 5. Nc4 Nf6 6. Nxd6+ Qxd6 7. c4 O-O 8.
Nc3 Bg4 9. Be2 Bxe2 10. Qxe2 Qxd4 11. Be3 Qe5 12. O-O-O Nc6 13. g4 Rfd8 14. g5
Ne8 15. Nd5 a5 16. a3 b5 17. Bf4 Qe6 18. Nxc7 Nxc7 19. Rxd8+ Rxd8 20. Bxc7 Rc8
21. cxb5 Nd4 22. Qe3 Rxc7+ 23. Kb1 Nxb5 24. Rd1 Rc8 25. Qc5 Qe8 26. Qd5 Rb8 27.
Ka1 Qf8 28. Ka2 Qe8 29. Ka1 Nc7 30. Qxa5 Ne6 31. Qe5 g6 32. Qxe4 Qb5 33. Qc2
Qxg5 34. Re1 Qf6 35. Re2 Nd4 36. Qc3 Kg7 37. Rd2 Nb3+ 38. Ka2 Nxd2 39. Qxd2 Rd8
40. Qc3 Qxc3 41. bxc3 Rd2+ 42. Kb3 Kf6 43. a4 Ke6 44. a5 Kd6 45. c4 Kc6 46. Kc3
Ra2 {Normal} 0-1

[Event "Rated Blitz game"]
[Site "?"]
[Date "2021.10.24"]
[Round "?"]
[White "MadMaxFury1995"]
[Black "Annali-annaliew1979"]
[Result "1-0"]
[WhiteElo "2529"]
[BlackElo "2442"]
[PlyCount "141"]
[EventDate "2021.??.??"]
[EventType "blitz"]

1. e4 e5 2. Nf3 d5 3. exd5 e4 4. Qe2 f5 5. Qd3 Nf6 6. Qb5+ Nbd7 7. Nd4 a6 8.
Qe2 Nb6 9. c4 Bc5 10. Nb3 Be7 11. Nc3 O-O 12. g3 Bd7 13. Bg2 Qe8 14. O-O Qg6
15. d3 Rad8 16. dxe4 fxe4 17. Nxe4 Nxe4 18. Bxe4 Qf7 19. Be3 Bf6 20. Rad1 Rde8
21. Nc5 Bh3 22. Bg2 Bxg2 23. Kxg2 Bg5 24. f4 Bf6 25. Ne6 Rxe6 26. dxe6 Qxe6 27.
Qf3 Nxc4 28. Bc1 b5 29. b3 Nd6 30. Qd5 Qxd5+ 31. Rxd5 Re8 32. Rf2 Re1 33. Ba3
Be7 34. Kf3 Kf7 35. Rc2 Ke6 36. Re5+ Rxe5 37. fxe5 Nf5 38. Bb2 c5 39. Ke4 g6
40. a4 h5 41. axb5 axb5 42. Rc1 Nh6 43. Ra1 Ng4 44. Ra6+ Kf7 45. e6+ Ke8 46.
Ra8+ Bd8 47. Kd5 Ke7 48. Ra7+ Ke8 49. Kd6 c4 50. bxc4 bxc4 51. e7 Bxe7+ 52.
Rxe7+ Kd8 53. Rg7 Kc8 54. Rxg6 Ne3 55. Kc5 Kd7 56. Bd4 Nf1 57. h4 c3 58. Bxc3
Ne3 59. Rg5 Nf1 60. Be5 Ke6 61. Rxh5 Ne3 62. Bf4 Ng4 63. Rg5 Nf2 64. Kd4 Nh3
65. Rg4 Kf5 66. Rg5+ Kf6 67. Ke4 Nf2+ 68. Kf3 Nd3 69. Ra5 Ne1+ 70. Ke4 Nd3 71.
Kxd3 {Normal} 1-0

[Event "Rated Blitz tournament MzO0SPtm"]
[Site "?"]
[Date "2021.10.24"]
[Round "?"]
[White "zakramnika"]
[Black "Frutek"]
[Result "0-1"]
[WhiteElo "2467"]
[BlackElo "2430"]
[PlyCount "70"]
[EventDate "2021.??.??"]
[EventType "blitz"]

1. e4 e5 2. Nf3 d5 3. d4 dxe4 4. Nxe5 Nd7 5. Nxd7 Bxd7 6. Nc3 Nf6 7. Bc4 Bb4 8.
O-O O-O 9. Bg5 h6 10. Bh4 Bc6 11. a3 Bxc3 12. bxc3 g5 13. Bg3 Bd5 14. Bb3 Bxb3
15. cxb3 Nd5 16. c4 Nc3 17. Qd2 Qxd4 18. Qxd4 Ne2+ 19. Kh1 Nxd4 20. Bxc7 Nxb3
21. Rad1 Rac8 22. Rd7 Nc5 23. Re7 Rfe8 24. Rxe8+ Rxe8 25. Rd1 Rc8 26. Bg3 Nd3
27. f3 f5 28. fxe4 fxe4 29. h4 Rxc4 30. hxg5 hxg5 31. Kh2 b5 32. Rd2 a5 33. Re2
b4 34. axb4 axb4 35. Kh3 b3 {Normal} 0-1

[Event "Rated Blitz game"]
[Site "?"]
[Date "2021.10.24"]
[Round "?"]
[White "hamiltoncr"]
[Black "Porgy"]
[Result "1-0"]
[WhiteElo "2452"]
[BlackElo "2334"]
[PlyCount "62"]
[EventDate "2021.??.??"]
[EventType "blitz"]

1. e4 e5 2. Nf3 d5 3. exd5 Bd6 4. Bb5+ Nd7 5. O-O Ngf6 6. Re1 O-O 7. d3 Nxd5 8.
Bxd7 Bxd7 9. Nxe5 Be6 10. Nc3 Qh4 11. Nf3 Qh5 12. Nxd5 Bxd5 13. h3 Rfe8 14. Bd2
Rxe1+ 15. Nxe1 Qe5 16. f4 Qxb2 17. Nf3 Bxf3 18. gxf3 Re8 19. Kg2 Qd4 20. Rb1 b6
21. Qf1 Re6 22. Re1 Rg6+ 23. Kh1 h5 24. Re4 Qb2 25. Qc1 Qxa2 26. Bc3 h4 27. f5
Rg3 28. Rxh4 Qd5 29. Qe3 Rxf3 30. Rh8+ Kxh8 31. Qh6+ Kg8 {Normal} 1-0

[Event "Rated Blitz game"]
[Site "?"]
[Date "2021.10.24"]
[Round "?"]
[White "Aeroschess"]
[Black "asandrey"]
[Result "1-0"]
[WhiteElo "2415"]
[BlackElo "2271"]
[PlyCount "59"]
[EventDate "2021.??.??"]
[EventType "blitz"]

1. e4 e5 2. Nf3 d5 3. Nc3 d4 4. Nb1 Nc6 5. Bb5 Bd6 6. c3 Nf6 7. cxd4 exd4 8.
Nxd4 Bd7 9. Bxc6 bxc6 10. Nc3 O-O 11. O-O Re8 12. d3 Bc5 13. Nb3 Bb6 14. Qe2
Bg4 15. Qc2 c5 16. Bg5 h6 17. Bh4 a5 18. Na4 g5 19. Bg3 Qd7 20. Nbxc5 Qb5 21.
Rfe1 Nh5 22. d4 Nxg3 23. hxg3 Rad8 24. d5 f5 25. Ne6 Rd7 26. Nxb6 cxb6 27. exf5
Rxd5 28. Nc7 Rxe1+ 29. Rxe1 Qc5 30. Qb3 {Normal} 1-0

[Event "Rated Blitz game"]
[Site "?"]
[Date "2021.10.24"]
[Round "?"]
[White "reda74"]
[Black "Pashkomarku"]
[Result "1-0"]
[WhiteElo "2424"]
[BlackElo "2361"]
[PlyCount "83"]
[EventDate "2021.??.??"]
[EventType "blitz"]

1. e4 e5 2. Nf3 d5 3. Nxe5 Qe7 4. d4 f6 5. Qh5+ g6 6. Nxg6 Qxe4+ 7. Be2 Qxg6 8.
Qxd5 c6 9. Qb3 Nd7 10. O-O Nb6 11. c4 Ne7 12. Nd2 Bh6 13. Re1 Bh3 14. Qxh3 O-O
15. Nf3 Bxc1 16. Raxc1 Rad8 17. Qe6+ Qf7 18. Bd3 Qxe6 19. Rxe6 Kf7 20. Rce1 Rd7
21. b3 Nbc8 22. Bxh7 Rh8 23. Bb1 Nd6 24. h3 Ndf5 25. Bxf5 Nxf5 26. R6e4 Rhd8
27. Rd1 c5 28. d5 b5 29. Rf4 Kg6 30. Re1 bxc4 31. bxc4 Rb7 32. g4 Ng7 33. Kg2
Rb2 34. Re7 Rxa2 35. h4 Rf8 36. h5+ Kh6 37. g5+ fxg5 38. Rxf8 Nxh5 39. Rh8+ Kg6
40. Rg8+ Kf5 41. Rxg5+ Kf6 42. Re6+ {Normal} 1-0

[Event "Rated Blitz game"]
[Site "?"]
[Date "2021.10.24"]
[Round "?"]
[White "Vladimir_Portychenko"]
[Black "barry-allen"]
[Result "0-1"]
[WhiteElo "2421"]
[BlackElo "2329"]
[PlyCount "38"]
[EventDate "2021.??.??"]
[EventType "blitz"]

1. e4 e5 2. Nf3 d5 3. Nxe5 Bd6 4. d4 dxe4 5. Nc4 Nf6 6. Bg5 O-O 7. Nc3 Re8 8.
Be2 Bf5 9. O-O Nc6 10. Nxd6 Qxd6 11. Nb5 Qd7 12. Bxf6 gxf6 13. d5 Ne5 14. Nd4
Bg6 15. Bb5 c6 16. dxc6 bxc6 17. Nxc6 Qb7 18. Nxe5 Rxe5 19. Qd7 Qxb5 {Normal}
0-1

[Event "Rated Blitz game"]
[Site "?"]
[Date "2021.10.24"]
[Round "?"]
[White "GlennTipton"]
[Black "Larenim"]
[Result "1-0"]
[WhiteElo "2497"]
[BlackElo "2316"]
[PlyCount "37"]
[EventDate "2021.??.??"]
[EventType "blitz"]

1. e4 e5 2. Nf3 d5 3. exd5 e4 4. Qe2 Nf6 5. Nc3 Bf5 6. Nd4 Bg6 7. Qb5+ Nbd7 8.
Qxb7 Rb8 9. Qa6 Rb6 10. Qa4 Bc5 11. Nc6 Qa8 12. b4 Nxd5 13. Nxd5 Qxc6 14. Qxc6
Rxc6 15. bxc5 Rxc5 16. Ne3 Ne5 17. Ba3 Ra5 18. Bb4 Ra4 19. Bb5+ {Normal} 1-0

[Event "Rated Blitz tournament MzO0SPtm"]
[Site "?"]
[Date "2021.10.24"]
[Round "?"]
[White "Logmann72"]
[Black "Frutek"]
[Result "1-0"]
[WhiteElo "2548"]
[BlackElo "2427"]
[PlyCount "65"]
[EventDate "2021.??.??"]
[EventType "blitz"]

1. e4 e5 2. Nf3 d5 3. Nxe5 Bd6 4. d4 dxe4 5. Nc4 Nf6 6. Nc3 O-O 7. Nxd6 Qxd6 8.
Bg5 Re8 9. Bc4 Nc6 10. O-O Qxd4 11. Qxd4 Nxd4 12. Bxf6 gxf6 13. Nd5 Rd8 14.
Nxf6+ Kg7 15. Nxe4 Bf5 16. Ng3 Bxc2 17. Rfe1 c5 18. Re7 b5 19. Bf1 Bg6 20. Rae1
Rac8 21. h4 a5 22. h5 Bc2 23. Ra7 a4 24. Ree7 Rf8 25. Kh2 h6 26. f4 Nf5 27.
Nxf5+ Bxf5 28. Bxb5 Kf6 29. Bc4 Be6 30. Bxe6 fxe6 31. g4 Rcd8 32. Rg7 Rd4 33.
Rg6# {Normal} 1-0

[Event "Rated Blitz game"]
[Site "?"]
[Date "2021.10.24"]
[Round "?"]
[White "ChristopherChabris"]
[Black "kamaio"]
[Result "1-0"]
[WhiteElo "2423"]
[BlackElo "2351"]
[PlyCount "63"]
[EventDate "2021.??.??"]
[EventType "blitz"]

1. e4 e5 2. Nf3 d5 3. exd5 e4 4. Ne5 Qxd5 5. d4 exd3 6. Nxd3 Bf5 7. Nc3 Qd7 8.
Bg5 Nc6 9. Qd2 h6 10. Bh4 g5 11. Bg3 Bg7 12. O-O-O O-O-O 13. h4 g4 14. Qf4 Nge7
15. Qa4 Bxc3 16. bxc3 Nd5 17. Nc5 Nxc3 18. Rxd7 Nxa4 19. Rxc7+ Kb8 20. Rxc6+
Ka8 21. Rc7 Nc3 22. Rxb7 Rc8 23. Rc7 Rxc7 24. Bxc7 Rc8 25. Na6 Kb7 26. Kd2 Nd5
27. Bc4 Nb6 28. Bb5 Na8 29. Rb1 Nxc7 30. Bc4+ Ka8 31. Nxc7+ Rxc7 32. Bd5+ {
Normal} 1-0